000 00509nam a2200205Ia 4500
003 OSt
005 20220928144020.0
006 a|||||r|||| 00| 0
007 ta
008 220927b |||||||| |||| 00| 0 eng d
024 _a23530
037 _cTextual
040 _aSDCL
_cSDCL
_beng
041 _2eng
_aeng
082 _a4:(P152):(Z), N3
245 0 _aVIDHI PATRKAARITA
_b Chinta aur chunoti.
260 _c1993
942 _h4:(P152):(Z), N3
_cTEXL
_2CC
999 _c825475
_d825475